000 00266nam a2200109Ia 4500
008 190216s9999||||xx |||||||||||||| ||und||
100 _aMurthy G.P
245 0 _aCase Book Of Management Accounting
260 _bCambridge Uty Press
_c1978
300 _a243p
942 _cBK
999 _c4786
_d4786